00405pam a2200145 a 4500020002900000020002900029040000800058082002600066245005000092250001200142260003700154300002700191650002500218700001600243 a039395871X (pbk. : v. 1) a0393958728 (pbk. : v. 2) cDLC00a810 WWN 1998 A092 Or.04aThe Norton anthology of American literature / a5th ed. aNew York :bW.W. Norton,cc1998. a2 v. :bmaps ;c24 cm. 0aAmerican literature.1 aBaym, Nina.